type 1-50 in 25 secs - Statistics

General Stats
  • This quiz has been taken 143 times
  • The average score is 39 of 50
Answer Stats
Answer % Correct
1
100%
2
100%
3
100%
5
100%
6
100%
4
97%
7
97%
8
97%
9
97%
10
95%
11
95%
12
95%
13
95%
14
95%
15
95%
17
95%
18
95%
19
95%
20
95%
21
95%
22
95%
16
92%
23
92%
24
90%
25
90%
26
87%
27
85%
28
85%
29
82%
30
77%
31
72%
34
72%
32
69%
33
69%
35
67%
36
62%
37
62%
38
59%
39
59%
40
56%
41
54%
42
54%
43
54%
44
51%
45
49%
46
44%
47
41%
48
38%
49
38%
50
38%
No matching quizzes found
Score Distribution
Percent of People with Each Score
Percentile by Number Answered
Your Score History
You have not taken this quiz